Write 90 numbers in 62 seconds - Statistics

General Stats
  • This quiz has been taken 64 times
  • The average score is 78 of 90
Answer Stats
Hint Answer % Correct
Number 1
100%
Number 2
100%
Number 3
100%
Number 4
100%
Number 5
100%
Number 6
100%
Number 7
100%
Number 8
100%
Number 9
100%
Number 11
93%
Number 12
93%
Number 13
93%
Number 19
93%
Number 21
93%
Number 26
93%
Number 27
93%
Number 30
93%
Number 46
93%
Number 10
91%
Number 14
91%
Number 15
91%
Number 16
91%
Number 17
91%
Number 18
91%
Number 22
91%
Number 23
91%
Number 25
91%
Number 28
91%
Number 29
91%
Number 35
91%
Number 40
91%
Number 42
91%
Number 43
91%
Number 45
91%
Number 47
91%
Number 50
91%
Number 20
89%
Number 24
89%
Number 31
89%
Number 32
89%
Number 34
89%
Number 36
89%
Number 37
89%
Number 38
89%
Number 39
89%
Number 41
89%
Number 44
89%
Number 48
89%
Number 49
89%
Number 54
89%
Number 56
89%
Number 60
89%
Number 33
86%
Number 51
86%
Number 52
86%
Number 53
86%
Number 55
86%
Number 61
86%
Number 63
86%
Number 67
86%
Number 57
84%
Number 58
84%
Number 59
84%
Number 62
84%
Number 65
84%
Number 68
84%
Number 69
84%
Number 64
82%
Number 70
82%
Number 66
80%
Number 71
80%
Number 72
80%
Number 75
80%
Number 73
77%
Number 74
77%
Number 78
75%
Number 81
75%
Number 85
75%
Number 76
73%
Number 77
73%
Number 82
73%
Number 83
73%
Number 87
73%
Number 79
70%
Number 80
70%
Number 84
70%
Number 86
70%
Number 89
70%
Number 88
68%
Number 90
68%
No matching quizzes found
Score Distribution
Percent of People with Each Score
Percentile by Number Answered
Your Score History
You have not taken this quiz